000 01485cam a2200373 a 4500
999 _c742
_d742
001 (Sirsi) a866699
003 OSt
005 20191206091523.0
008 141017r20142013nyua c 000 1 eng d
020 _a9780307931474 (pbk.) :
020 _a0307931471 (pbk.) :
040 _aYDXCP
_beng
_cYDXCP
_dBDX
_dBTCTA
_dNYP
_dCOO
_dTAE
042 _anbic
082 _aFIC GRA
100 1 _aGrabenstein, Chris.
_eauthor
245 1 0 _aEscape from Mr. Lemoncello's library /
_cChris Grabenstein.
246 3 _aEscape from Mister Lemoncello's library.
250 _a1st Yearling ed.
260 _aNew York :
_bYearling,
_c2014.
300 _a290, [1] p. :
_bill. ;
_c20 cm.
490 _aMr. Lemoncello's Library ;
_v1
500 _aOriginally published: New York : Random House, 2013. Formerly CIP
500 _a"A Yearling book."
500 _aIncludes a Q&A with the author, a bonus puzzle and more.
520 _a"Twelve-year-old Kyle gets to stay overnight in the new town library, designed by his hero (the famous gamemaker Luigi Lemoncello), with other students but finds that come morning he must work with friends to solve puzzles in order to escape"--
_cProvided by publisher.
521 0 _aAges 8-12.
650 0 _aLibraries
_vJuvenile fiction.
650 0 _aBooks and reading
_vJuvenile fiction.
650 0 _aGames
_vJuvenile fiction.
650 1 _aLibraries
_vFiction.
650 1 _aBooks and reading
_vFiction.
650 1 _aGames
_vFiction.
942 _2ddc
_cFIC